Rock Bands by picture - Statistics

General Stats
  • This quiz has been taken 335 times
  • The average score is 6 of 10
Answer Stats
Picture Answer % Correct
Kiss
99%
Guns N Roses
86%
Queen
80%
ACDC
73%
Metallica
66%
Van Halen
66%
Led Zeppelin
54%
U2
46%
Twisted Sister
39%
REM
12%
No matching quizzes found
Score Distribution
Percent of People with Each Score
Percentile by Number Answered
Your Score History
You have not taken this quiz